000 00600nam a2200217 i 4500
001 18586
003 ES-MaACL
005 20230906151855.0
007 t|
008 011015s1997 sp ||||0| spa j
020 _a84-921649-2-1
040 _aM-BN
_bspa
_cM-BN
080 _a821.111-96"16"
100 1 _aDonne, John.
_945325
245 1 0 _aParadojas y devociones /
_cJohn Donne ; [traducción, Andrea Rubín].
260 _aValladolid :
_bCuatro,
_c[1997]
300 _a110 p ;
_c22 cm.
700 1 _aRubín, Andrea.
_9100319
852 _aES-MaACL
_jL-25149
_bR.130215
999 _c18586
_d18586